Selected Areas of Changes in the Global Gas Market

Globálny trh s plynom a zameranie sa na najväčších dovozcov a vývozcov tejto komodity. Geopolitické zmeny, ktoré ovplyvňujú trh s plynom. Tri hlavné regionálne trhy s plynom - európsky, ázijský a severoamerický. Vplyv globalizácie a geopolitických udalostí na trh s plynom.

Gespeichert in:
Bibliographische Detailangaben
1. Verfasser: Holjenčíková, Katarína, 1997-
Format: Buchkapitel
Sprache:Englisch
Schlagworte:
Tags: Tag hinzufügen
Keine Tags, Fügen Sie das erste Tag hinzu!

MARC

LEADER 00000naa$a2200000$$$4500
001 0298514
005 20240502074526.3
041 0 |a eng 
044 |a SK 
245 1 0 |a Selected Areas of Changes in the Global Gas Market  |c Katarína Holjenčíková 
520 |a Globálny trh s plynom a zameranie sa na najväčších dovozcov a vývozcov tejto komodity. Geopolitické zmeny, ktoré ovplyvňujú trh s plynom. Tri hlavné regionálne trhy s plynom - európsky, ázijský a severoamerický. Vplyv globalizácie a geopolitických udalostí na trh s plynom. 
610 2 0 |a energetika 
610 2 0 |a plyn 
610 2 0 |a plyn zemný 
610 2 0 |a vzťahy medzinárodné 
610 2 0 |a geopolitika 
610 2 0 |a globalizácia 
610 2 0 |a Európska únia 
100 1 |a Holjenčíková, Katarína, 1997-